000 01322nam a2200349 c 4500
003 BLK
005 20230103100652.0
008 180411b bul|||||r ||||||| ||bul||
010 _aKNG00198614000
020 _a978-619-150-820-4
_bиздат.: Колибри
040 _aBLK
041 _aBUL
_cBUL
072 7 _2bullib
_aН83
_xЧужда художествена литература Н
080 _aТурска литература
_b821.512.161
_x-31
_z821.512.161-31
100 1 _aЮмит, Ахмед
_eпърви автор
_9144937
700 1 _aБибина, Йорданка Златева
_eпрев. от тур.
_9372943
139 _aЮмит, Ахмед
_bЮ 21
245 1 0 _aМарионетка
_bРоман
_cАхмед Юмит; прев. от тур. Йорданка Златева Бибина.
257 _aTUR
260 София
_bКолибри
_c2016
_fСофия : Инвестпрес
300 _a528 с.
_c22 см
380 _aX
490 1 _aСъвременни трилъри
500 _aОриг. загл. Kukla / Ahmet Umit.
653 _aромани
659 _aН
852 _aЦб 283734
856 4 _qpdf
_u
856 4 _qpdf
_u
942 _cKNG
_n0
_09
944 _aCR
_c19.12.2016
_lф /
_kВиолета_Тройчева
944 _aED
_c13.09.2017
_lф /
_kПенка_Димитрова
999 _c189570
_d189570